书目信息 |
| 题名: |
国际货运代理实务
|
|
| 作者: | 金乐闻 , 武素秋 主编 | |
| 分册: | ||
| 出版信息: | 北京 对外经济贸易大学出版社 2000 |
|
| 页数: | 295页 | |
| 开本: | 26cm | |
| 丛书名: | ||
| 单 册: | ||
| 中图分类: | F511.41 | |
| 科图分类: | ||
| 主题词: | 交通运输经济--概况--世界 | |
| 电子资源: | ||
| ISBN: | 7-81000-946-X | |
| 000 | 00773nam0 2200217 450 | |
| 001 | 0754087686 | |
| 005 | 20070717162616.89 | |
| 010 | @a7-81000-946-X@dCNY25.00 | |
| 100 | @a20070715d2000 km y0chiy0120 ea | |
| 101 | 0 | @achi |
| 102 | @aCN@b110000 | |
| 200 | 1 | @a国际货运代理实务@Aguo ji huo yun dai li shi wu@f金乐闻,武素秋主编@Fjin yue wen,wu su qiu zhu bian |
| 210 | @a北京@c对外经济贸易大学出版社@d2000 | |
| 215 | @a295页@d26cm | |
| 300 | @a为了使广大货运代理人员更好地全面系统地掌握运输知识,以适应不断发展的需要。本书从理论与实践两方面系统论述了货运业的各方面知识。 | |
| 606 | 0 | @a交通运输经济@x概况@x世界 |
| 690 | @aF511.41@v3 | |
| 701 | 0 | @a金乐闻@Ajin yue wen@4主编 |
| 701 | 0 | @a武素秋@Awu su qiu@4主编 |
| 801 | 0 | @aCN@bPFT@c20070717 |
| 905 | @a10447@dF511.41@e6 | |
| 国际货运代理实务/金乐闻,武素秋主编.-北京:对外经济贸易大学出版社,2000 |
| 295页;26cm |
| 为了使广大货运代理人员更好地全面系统地掌握运输知识,以适应不断发展的需要。本书从理论与实践两方面系统论述了货运业的各方面知识。 |
| ISBN 7-81000-946-X:CNY25.00 |
| ● |
| 相关链接 |
|
|
|
|
正题名:国际货运代理实务
索取号:F511.41/6
 
预约/预借
| 序号 | 登录号 | 条形码 | 馆藏地/架位号 | 状态 | 备注 |
| 1 | 0778055 | 207780551 | 密集书库/ [索取号:F511.41/6] | 在馆 | |
| 2 | 0778099 | 207780999 | 第一样本阅览室/ [索取号:F511.41/6] | 在馆 | |
| 3 | 0779835 | 207798356 | 密集书库/ [索取号:F511.41/6] | 在馆 |